000
00328nam a2200145Ia 4500
003
OSt
008
191201s2013 xx 000 0 und d
082
_a
004.21
_b
RAC
100
_a
RAO,P.N.
245
0
_a
Computer aided manufacturing
260
_a
New Delhi
_b
TMH
_c
2013
300
_a
417
650
_a
B.Tech(ME)
942
_2
ddc
_c
BK
999
_c
6271
_d
6271